000 00409nam a22001217a 4500
999 _c10078
_d10078
003 OSt
008 201218b ||||| |||| 00| 0 eng d
245 _aJournal of Information and Optimization Sciences
250 _a2014(Jan Vol.35 No.1, Mar Vol.35 No.2, May Vol.35 No.3, Jul Vol.35 No.4, Sep-Nov Vol.35 No.5-6)
260 _aNew Delhi
_bTaru Publications
650 _aInformation Technology
942 _2ddc
_cBV